000 01095njm a22002777a 4500
005 20100917141827.0
006 a|||||r|||||00| 0
007 sd ammalaaahaa
008 100907t xxu||||| |||| 00| 0 eng d
028 _aECLP . 5694
_bHis Master's Voice
035 _aGR-03344
100 _aMangeshkar, Lata
_918693
245 _aShagird /
_cby Lata Mangeshkar ; music by Laxmikant Pyarelal ; lyric by Majrooh
_h[Sound recording]
246 _aशागिर्द /
260 _aDum Dum, India
_bHis Master's Voice
_c1980
300 _a1 sound disc [Gramophone Recording]
_banalog, 33 1/3rpm ;
_c12 in. (LP)
_fGramaphone Records
500 _aBrief record
500 _aRecord lables : His Master's Voice, Red
505 _aSide-1 (Dil Wil Pyar Wyar) ( Lata Mangeshkar ),--Side-2 (Bade Miya Diwane) (Mohd. Rafi)
600 _2Jagjit Singh
650 _aClassical Music
_xExcerpts
_zIndia
_918694
700 _aPyarelal, Laxmikant
_920509
700 _aMajrooh
_920510
942 _2ddc
_cGR
999 _c46477
_d46477